MDQL
is popping MORE tags! Check the
thread
!
Quizzes
Events
Quiz Creation
Community
Videos
Private Events
Remove Ads
Sign In
Join for FREE
Feedback
Dark Mode
Quiz Categories
Sports
Geography
Music
Movies
Television
Just For Fun
Miscellaneous
History
Literature
Language
Science
Gaming
Entertainment
Religion
Holiday
For Kids
Quiz Lab
Recent
Popular Today
Quiz Kudos Today
Editor Picks
Curator Picks
Quizzes by...
Day
Popularity
Type
Ratings
Length
Year
Community
Subscriptions
Recent Discussions
Orange Saloon
Badges
Playlists
Quests
Create
Leaderboards
Showdown
Live 5
Trivia Bingo
Activity
Puzzle Library
Sporcle Events
Private Events
Virtual Trivia
Globe League
Become a Host
Pub Owners
SporcleCon
Opinionation
Our Games
Videos
Blog
Mobile Apps
Partnerships
Remove Ads and Go Orange
Feedback
Miscellaneous
Crossword
General Knowledge
Baby Names
Logo
Food
Cars
Numbers
Grab Bag
University
College
Popular
Company
Slogans
Restaurants
Justice
Letter
Miscellaneous
Crossword
General Knowledge
Baby Names
Logo
Food
Cars
Numbers
Grab Bag
University
College
Popular
Company
Slogans
Restaurants
Justice
Letter
Random Quiz
Search Sporcle
×
Quiz Lab
Quiz Lab
Miscellaneous
lego
Type in answers that appear in a list
Type in answers that appear in a list
Classic
Best Score? Go Orange.
Types of Lego Stats
Can you name the Types of Lego?
By
ghost_boy
10m
26 Questions
56 Plays
56 Plays
56 Plays
Comments
Comments
Give Quiz Kudos
Give Quiz Kudos
-
- Ratings
hide this ad
Replay
Link that replays current quiz
Next Quiz
Link to next quiz in quiz playlist
You Got
0%
They Got
Avg Score
28%
Avg Friend Score
Upgrade to see
Score Distribution
Jump to the score distribution portion of the page
Score
0/26
Timer
10:00
0
Plays Today
% Correct
Lego City
73.2%
Lego Star Wars
69.6%
Lego Harry Potter
50%
Lego Friends
48.2%
Lego Ninjago
42.9%
Lego Creator
42.9%
Lego Spongebob
30.4%
Lego Cars
26.8%
Lego Mindstorm
25%
Lego Bionicle
25%
Lego Lord of the Rings
25%
Lego Pirates of the Caribbean
23.2%
Lego Minifigures
23.2%
% Correct
Lego Super Heroes
21.4%
Lego Dino
21.4%
Lego Hero Factory
19.6%
Lego Architecture
19.6%
Lego Alien Conquest
17.9%
Lego Games
17.9%
Lego Atlantis
17.9%
Lego World Racers
17.9%
Lego Racers
17.9%
Lego Toy Story
17.9%
Lego Kingdoms
16.1%
Lego Academy
10.7%
Lego Pharaoh's Quest
10.7%
Quiz Playlist
Details
Report
Send in Message
Add To Playlist
Classic:
Type in answers that appear in a list
Last Updated: Feb 16, 2017
Quiz Scoreboard
CHALLENGE
Sign Up to Join the Scoreboard
Show All
Scores
Hide
Comments
May contain spoilers
Recently Published
Image Sorting: Flags VI
by Barbecue
Geography
2m
Find the 'City' Movie
by crazypaving
Movies
60s
Colored Red Africa Blitz
by spor1
Geography
45s
More to Explore
Quiz From the Vault
Featured Blog Post
14 Easter Pick-up Lines to Find Eggs With
hide this ad
You Might Also Like...
Tags
lego
Today's Top Quizzes in Miscellaneous
Browse Miscellaneous
hide this ad
Today's Top Quizzes in lego
Browse lego
Top Contributed Quizzes in Miscellaneous
1
The JOE quick-fire general knowledge quiz: Day 174
2
5-to-1: Fast Food
3
9x9 Crossword: Disney Movie Titles
4
9x9 Crossword: Charlie and the Chocolate Factory
5
The JOE quick-fire general knowledge quiz: Day 173
6
9x9 Crossword: 2022 Movies
7
9x9 Crossword: Actors
8
9x9 Crossword: The Simpsons
9
9x9 Crossword: Pixar Movie Titles
10
9x9 Crossword: Flags
Explore More
Trending Topics
Anime
Harry Potter
Kpop
NBA
Disney
Crossword
Marvel
The Office
Country
Song
Puzzle
NFL
Soccer
WWE
Pokémon
hide this ad
More By:
ghost_boy
Quiz
Plays
Rating
Category
Featured
Created
Cartoon Network Shows
393
2.50
Television
Mar 19, 2012
Spongebob Character Quote
146
5.00
Television
Mar 26, 2012
MnM colors
91
3.00
Miscellaneous
Mar 17, 2012
ben 10 aliens
69
Television
Jun 18, 2012
Types of Lego
56
Miscellaneous
Apr 3, 2012
Go to Creator's Profile
Score Distribution
Quiz Creator Spotlight
ghost_boy
Follow
Send a Message
Quizzes Created
-
Created Quiz Play Count
-
More By This Creator
Popular Quizzes Today
1
Colored Red Africa Blitz
2
Find the US States - No Outlines Minefield
3
Find the 'City' Movie
4
5x2 Blitz: Bands
5
The Countries of the World
6
Find the US States
7
Find the Countries of Europe - No Outlines Minefield
8
US States
More Miscellaneous Quizzes
'S' Logos Close-Up
Published
Trending Quizzes
Colored Red Europe Blitz I
Colored Red Europe Blitz II
Colored Red Africa Blitz II
Colored Red Europe Blitz III
Colored Red Africa Blitz III
Recently Updated
How Do You Spell That?
pecheneg
Godzilla Movies
pecheneg
Grab Bag: 4-10 Letters
pecheneg
2024 March Madness Bracket
pecheneg
Famous TV Couples
Peacemaker
Champions League XIs: Real Madrid
pecheneg
Largest US Cities 1790-2010
pecheneg
Rides in Walt Disney World
pecheneg
Most Oscar Losses (Acting)
pecheneg
Beyoncé Albums
pecheneg
Trending Topics
Kpop
Harry Potter
Crossword
Disney
Marvel
NBA
Anime
Country
Soccer
NFL
WWE
Song
The Office
Pokémon
Puzzle
Your Account Isn't Verified!
In order to create a playlist on Sporcle, you need to verify the email address you used during registration. Go to your
Sporcle Settings
to finish the process.
Report this User
Report this user for behavior that violates our
Community Guidelines
.
Details:
Send Report
Go to the Sporcle.com Mobile Site →
Comments